<?xml version="1.0" encoding="UTF-8"?>
<record
    xmlns:xsi="http://www.w3.org/2001/XMLSchema-instance"
    xsi:schemaLocation="http://www.loc.gov/MARC21/slim http://www.loc.gov/standards/marcxml/schema/MARC21slim.xsd"
    xmlns="http://www.loc.gov/MARC21/slim">

  <leader>01025nam a2200217 a 4500</leader>
  <controlfield tag="001">77961</controlfield>
  <controlfield tag="003">BD-RjUL</controlfield>
  <controlfield tag="005">20211209083054.0</controlfield>
  <controlfield tag="008">210222s1994    sy ||||| |||| 00| 0 ara d</controlfield>
  <datafield tag="035" ind1=" " ind2=" ">
    <subfield code="a">(BD-RjUL)78187</subfield>
  </datafield>
  <datafield tag="040" ind1=" " ind2=" ">
    <subfield code="a">BD-RjUL</subfield>
    <subfield code="b">eng</subfield>
    <subfield code="c">BD-RjUL</subfield>
  </datafield>
  <datafield tag="041" ind1=" " ind2=" ">
    <subfield code="a">ara</subfield>
  </datafield>
  <datafield tag="082" ind1=" " ind2=" ">
    <subfield code="2">23</subfield>
    <subfield code="a">297.216</subfield>
    <subfield code="b">BAM 1994</subfield>
  </datafield>
  <datafield tag="100" ind1=" " ind2=" ">
    <subfield code="a"> &#x627;&#x644;&#x628;&#x63A;&#x62F;&#x627;&#x62F;&#x64A;&#x60C; &#x627;&#x628;&#x64A; &#x627;&#x644;&#x641;&#x631;&#x62C; &#x639;&#x628;&#x62F; &#x627;&#x644;&#x631;&#x62D;&#x645;&#x646; &#x628;&#x646; &#x627;&#x644;&#x62C;&#x648;&#x632;&#x64A; &#x627;&#x644;&#x642;&#x631;&#x634;&#x64A;   ;;  Al-Baghdadi, Abi Al-Faraj Abdul Rahman bin Al-Jawzi Al-Qurashi </subfield>
    <subfield code="d"> &#x627;&#x644;&#x645;&#x62A;&#x648;&#x641;&#x649; &#x633;&#x646;&#x629; &#x665;&#x669;&#x666;&#x647;&#x62C;&#x60C; &#x627;&#x62E;&#x62A;&#x635;&#x631;&#x647; &#x648;&#x639;&#x644;&#x642; &#x639;&#x644;&#x64A;&#x647; &#x639;&#x644;&#x64A;</subfield>
    <subfield code="9">245076</subfield>
  </datafield>
  <datafield tag="245" ind1=" " ind2=" ">
    <subfield code="a">&#x645;&#x62E;&#x62A;&#x635;&#x631; &#x643;&#x62A;&#x627;&#x628; &#x62A;&#x644;&#x628;&#x64A;&#x633; &#x627;&#x628;&#x644;&#x64A;&#x633; ;; mukhtasir kitab talabays 'iiblis /  </subfield>
    <subfield code="c">&#x644;&#x627;&#x628;&#x64A; &#x627;&#x644;&#x641;&#x631;&#x62C; &#x639;&#x628;&#x62F; &#x627;&#x644;&#x631;&#x62D;&#x645;&#x646; &#x628;&#x646; &#x627;&#x644;&#x62C;&#x648;&#x632;&#x64A; &#x627;&#x644;&#x642;&#x631;&#x634;&#x64A; &#x627;&#x644;&#x628;&#x63A;&#x62F;&#x627;&#x62F;&#x64A; ;; Abi Al-Faraj Abdul Rahman bin Al-Jawzi Al-Qurashi Al-Baghdadi </subfield>
  </datafield>
  <datafield tag="260" ind1=" " ind2=" ">
    <subfield code="a">&#x628;&#x64A;&#x631;&#x648;&#x62A; : </subfield>
    <subfield code="b">&#x645;&#x624;&#x633;&#x633;&#x629; &#x627;&#x644;&#x631;&#x633;&#x627;&#x644;&#x629; ,</subfield>
    <subfield code="c">1994</subfield>
  </datafield>
  <datafield tag="300" ind1=" " ind2=" ">
    <subfield code="a"> &#x663;&#x665;&#x668;&#x635;.</subfield>
    <subfield code="c">24 cm</subfield>
  </datafield>
  <datafield tag="650" ind1=" " ind2=" ">
    <subfield code="a">islam </subfield>
    <subfield code="v">doctrines </subfield>
    <subfield code="x">history</subfield>
    <subfield code="9">245077</subfield>
  </datafield>
  <datafield tag="650" ind1=" " ind2=" ">
    <subfield code="a">Islam</subfield>
    <subfield code="v">Devil</subfield>
    <subfield code="9">245078</subfield>
  </datafield>
  <datafield tag="942" ind1=" " ind2=" ">
    <subfield code="2">ddc</subfield>
    <subfield code="c">BK</subfield>
  </datafield>
  <datafield tag="999" ind1=" " ind2=" ">
    <subfield code="c">77961</subfield>
    <subfield code="d">77961</subfield>
  </datafield>
  <datafield tag="952" ind1=" " ind2=" ">
    <subfield code="0">0</subfield>
    <subfield code="1">0</subfield>
    <subfield code="2">ddc</subfield>
    <subfield code="4">0</subfield>
    <subfield code="7">1</subfield>
    <subfield code="8">NFIC</subfield>
    <subfield code="a">RUCL</subfield>
    <subfield code="b">RUCL</subfield>
    <subfield code="c">Reading</subfield>
    <subfield code="d">1996-06-16</subfield>
    <subfield code="e">Sawdia kutubkhana, Dhaka</subfield>
    <subfield code="g">225.00</subfield>
    <subfield code="l">0</subfield>
    <subfield code="o">A 297.216 BAM 1994</subfield>
    <subfield code="r">2021-02-22 00:00:00</subfield>
    <subfield code="t">C-1</subfield>
    <subfield code="w">2021-02-22</subfield>
    <subfield code="y">BK</subfield>
  </datafield>
</record>
